01820cam a22002775a 4500003000400000005001700004008004100021020002900062040003000091050002000121245015700141264004300298300005300341336002600394337002800420338002700448504005100475520069000526650002901216700002801245700003401273700003801307942004001345999001501385952014201400GSU20260618095002.0171215s2018 enkab b 001 0 eng d a9781473966598 (hardback) aERASAbengcGSUdGSUerda00aREF JZ1242bSAG04aThe SAGE handbook of the history, philosophy and sociology of international relations /cedited by Andreas Gofas, Inanna Hamati-Ataya and Nicholas Onuf. 1aLos Angeles :bSAGE reference,c©2018 axxiii, 591 pages :billustrations, maps ;c26 cm atextbtxt2rdacontent aunmediatedbn2rdamedia avolumebnc2rdacarrier aIncludes bibliographical references and index.8 aThis Sage handbook offers a panoramic view of the broad field of international relations by integrating three distinct but interrelated foci. It retraces international relations' historical devolopment as a professional field of study, expolores the philosophical foundations of international relations, and interrogates the sociological mechanisms through which scholarship is produced and the field is structured. The 41 chapters are structured into five parts: 01. Reflections on a disciplinary practice02. Imagining the international, acknowledging the global03. The search for (an) identity04. International relations as a profession05. Looking ahead: the future of meta-analysis. 0aInternational relations.1 aGofas, Andreas.eeditor1 aHamati-Ataya, Inanna.eeditor1 aOnuf, Nicholas Greenwood.eeditor 2lcccBKhREF JZ1242 SAGkJZmSAGn0 c2776d2776 00102lcc40708REFaGSULEbGSULEcREFd2026-06-17eB A Ii05546l0oREF JZ1242 SAGp50000006900r2026-06-17 20:11:00t1w2026-06-17yBK